[Event "Barcelona Ideal Clave op 13th"]
[Site "Barcelona"]
[Date "2007.11.17"]
[Round "7.8"]
[White "Darias Mateos, Alejandro"]
[Black "Werner Serrat, Jordi"]
[Result "0-1"]
[WhiteElo "1953"]
[BlackElo "1964"]
[PlyCount "76"]
[EventDate "2007.09.29"]
[EventType "swiss"]
[EventRounds "8"]
[EventCountry "ESP"]
[SourceTitle "EXT 2024"]
[Source "ChessBase"]
[SourceDate "2023.10.10"]
[SourceVersion "1"]
[SourceVersionDate "2023.10.10"]
[SourceQuality "1"]

1. e4 c5 2. Nc3 Nc6 3. g3 g6 4. Bg2 Bg7 5. d3 e6 6. f4 Nge7 7. Be3 Nd4 8. Nf3 d5 9. Na4 Nxf3+ 10. Bxf3 Qa5+ 11. c3 d4 12. b4 cxb4 13. cxb4 Qxb4+ 14. Bd2 Qb5 15. Rb1 Qxd3 16. Nc5 Qa3 17. Nxb7 0-0 18. e5 Nd5 19. Bxd5 exd5 20. Bb4 Qe3+ 21. Qe2 Qxe2+ 22. Kxe2 Bxb7 23. Bxf8 Ba6+ 24. Kd2 Bxf8 25. Rhc1 Bc4 26. a4 a5 27. Rb7 Bb4+ 28. Kd1 Rc8 29. Rb1 Bd3 30. Rb2 Bf5 31. R2xb4 axb4 32. Rxb4 Rc4 33. Rb8+ Kg7 34. a5 Ra4 35. Rb5 Ra1+ 36. Kd2 Be4 37. h4 Ra2+ 38. Ke1 d3 0-1

[Event "Barcelona Ideal Clave op 13th"]
[Site "Barcelona"]
[Date "2007.10.27"]
[Round "4.4"]
[White "Darias Mateos, Alejandro"]
[Black "Angli Marti, Jordi"]
[Result "1/2-1/2"]
[WhiteElo "1953"]
[BlackElo "2142"]
[PlyCount "54"]
[EventDate "2007.09.29"]
[EventType "swiss"]
[EventRounds "8"]
[EventCountry "ESP"]
[SourceTitle "EXT 2024"]
[Source "ChessBase"]
[SourceDate "2023.10.10"]
[SourceVersion "1"]
[SourceVersionDate "2023.10.10"]
[SourceQuality "1"]

1. e4 c5 2. Nc3 Nc6 3. g3 g6 4. Bg2 Bg7 5. d3 d6 6. f4 e5 7. Nge2 Nge7 8. 0-0 f5 9. fxe5 dxe5 10. Be3 Nd4 11. Qd2 Rb8 12. Nd1 0-0 13. c3 Nxe2+ 14. Qxe2 b6 15. Bg5 Qd6 16. Ne3 fxe4 17. Rxf8+ Bxf8 18. dxe4 Be6 19. Rd1 Qc7 20. Nd5 Bxd5 21. exd5 Nc8 22. Bh3 Bg7 23. Be6+ Kh8 24. Rf1 Nd6 25. Bf6 e4 26. Bxg7+ Kxg7 27. Qf2 Qe7 1/2-1/2

[Event "Barcelona Ideal Clave op 13th"]
[Site "Barcelona"]
[Date "2007.10.20"]
[Round "3.9"]
[White "Vela Lascuevas, Pascual"]
[Black "Darias Mateos, Alejandro"]
[Result "0-1"]
[WhiteElo "1751"]
[BlackElo "1953"]
[PlyCount "68"]
[EventDate "2007.09.29"]
[EventType "swiss"]
[EventRounds "8"]
[EventCountry "ESP"]
[SourceTitle "EXT 2024"]
[Source "ChessBase"]
[SourceDate "2023.10.10"]
[SourceVersion "1"]
[SourceVersionDate "2023.10.10"]
[SourceQuality "1"]

1. d4 Nf6 2. c4 g6 3. Nc3 Bg7 4. e4 d6 5. f4 0-0 6. Nf3 c5 7. d5 e6 8. dxe6 Bxe6 9. Bd3 Re8 10. 0-0 Nc6 11. f5 Bd7 12. Bf4 Ne5 13. Nxe5 dxe5 14. Bg5 gxf5 15. exf5 Bc6 16. Bxf6 Qd4+ 17. Kh1 Bxf6 18. Qc2 e4 19. Be2 Rad8 20. Rad1 Qe5 21. Rxd8 Rxd8 22. Bg4 e3 23. Rd1 Rxd1+ 24. Qxd1 Qd4 25. h3 Qxd1+ 26. Nxd1 Bd4 27. b3 Be4 28. Be2 Bb1 29. a3 Bxf5 30. Kh2 Bc2 31. b4 b6 32. Kg3 Be4 33. Bf3 Bd3 34. Kf4 e2 0-1